000 00580na a2200205 4500
001 23452
003 MIRAKIL
005 20181213154834.0
008 170929b tu 000 0
040 _aMilas
_btur
_cTR-AnCHP
041 _atur
082 _a811.42
_bU48e 2012
090 _a811.42 U48e 2012
111 _aUluslararası İstanbul şiir festivali
_cİstanbul
_d29 Mayıs- 2 Haziran 2012
245 _aEfendisiz sanat: Şiir
260 _aİstanbul
_b[yayl.y.]
_c2012
_fAda ofset
300 _a134 s.
_c21 sm.
650 _aTürk edebiyatı
_xŞiir
942 _2ddc
_cBKS
999 _c1780
_d1780